[Event "Kandidatklassen 2006"]
[Site "Aalborg"]
[Date "2006.04.16"]
[Round "6"]
[White "Christensen, Tobias"]
[Black "Brautsch, Soren"]
[Result "0-1"]
[WhiteElo "2312"]
[BlackElo "2275"]
[PlyCount "86"]
[EventDate "2006.??.??"]
[SourceDate "2014.05.18"]

1. e4 a6 2. Be2 b5 3. a4 b4 4. c4 Bb7 5. d3 e6 6. Nf3 c5 7. O-O d6 8. Ne1 Be7
9. Nd2 Nc6 10. Nb3 Nf6 11. Be3 e5 12. f4 Qc7 13. fxe5 Nxe5 14. Nc2 O-O 15. Bf4
Bc6 16. Ne3 Bd7 17. Bg5 Be6 18. Nf5 Bxf5 19. Rxf5 Ne8 20. Be3 g6 21. Rf2 Ng7
22. Qd2 Rac8 23. Raf1 Qd7 24. Bd1 Ng4 25. Bxg4 Qxg4 26. Qd1 Qxd1 27. Rxd1 f5
28. Bh6 Rf7 29. Bxg7 Kxg7 30. exf5 Rxf5 31. Rxf5 gxf5 32. Re1 Kf7 33. Kf2 Bf6
34. Re2 Be5 35. h3 Kf6 36. Nc1 Bd4+ 37. Kf3 h5 38. g4 fxg4+ 39. hxg4 h4 40. b3
Kg5 41. Kg2 Rf8 42. Re1 Kxg4 43. Re4+ Rf4 0-1

[Event "Kandidatklassen 2006"]
[Site "Aalborg"]
[Date "2006.04.17"]
[Round "7"]
[White "Rhee, Alexander Kasper"]
[Black "Harholm, Jes Uffe"]
[Result "1-0"]
[WhiteElo "2018"]
[BlackElo "2174"]
[PlyCount "43"]
[EventDate "2006.??.??"]
[SourceDate "2014.05.18"]

1. e4 e5 2. Nf3 d6 3. d4 exd4 4. Nxd4 Nf6 5. Nc3 Be7 6. Bc4 O-O 7. O-O Nxe4 8.
Nxe4 d5 9. Bd3 dxe4 10. Bxe4 Re8 11. c3 Bf6 12. Qc2 g6 13. Bf4 c6 14. Rad1 Qe7
15. Rfe1 Nd7 16. Re3 Qf8 17. Nxc6 Qg7 18. Nb4 Nc5 19. Bf3 Bf5 20. Qe2 Rxe3 21.
Qxe3 Qf8 22. Bd6 1-0

[Event "Kandidatklassen 2006"]
[Site "Aalborg"]
[Date "2006.04.17"]
[Round "7"]
[White "Jacobsen, Bo"]
[Black "Pedersen, Jan Rode"]
[Result "0-1"]
[WhiteElo "2308"]
[BlackElo "2212"]
[PlyCount "50"]
[EventDate "2006.??.??"]
[SourceDate "2014.05.18"]

1. g3 e6 2. Bg2 d5 3. Nf3 Nf6 4. b3 Be7 5. Bb2 Nbd7 6. O-O O-O 7. d3 b6 8. Nbd2
Bb7 9. Re1 Nc5 10. Rb1 a5 11. e3 Re8 12. Qe2 Bd6 13. Ne5 Nfd7 14. f4 f6 15.
Nxd7 Qxd7 16. e4 Bf8 17. a4 Rad8 18. Rbd1 Qf7 19. Rf1 Na6 20. g4 Nb4 21. Nf3
Ba6 22. e5 Qg6 23. exf6 gxf6 24. g5 e5 25. Nh4 Bc5+ 0-1

[Event "Kandidatklassen 2006"]
[Site "Aalborg"]
[Date "2006.04.17"]
[Round "7"]
[White "Jorgensen, Brian Jorgen"]
[Black "Nguyen, Michael"]
[Result "1-0"]
[WhiteElo "2196"]
[BlackElo "2007"]
[PlyCount "79"]
[EventDate "2006.??.??"]
[SourceDate "2014.05.18"]

1. d4 Nf6 2. Bf4 e6 3. e3 b6 4. h3 Bb7 5. Nf3 c5 6. Nbd2 Nc6 7. c3 Be7 8. Bd3
d5 9. O-O h6 10. Bh2 O-O 11. Ne5 Nxe5 12. dxe5 Ne4 13. Nf3 Qc7 14. Ne1 c4 15.
Bc2 b5 16. f3 Nc5 17. f4 Ne4 18. Nf3 a5 19. Nd4 Qc5 20. Qg4 Kh8 21. f5 exf5 22.
Nxf5 g6 23. Nxe7 Qxe7 24. Bxe4 dxe4 25. Rf6 Bd5 26. Qh4 Kh7 27. Bf4 Rh8 28.
Qxh6+ Kg8 29. Qg5 Qb7 30. Rd6 Kg7 31. e6 Rh5 32. Be5+ Kh7 33. Qf6 fxe6 34. g4
Rxh3 35. Kg2 Rh6 36. Rh1 Rxh1 37. Kxh1 Kg8 38. Qh8+ Kf7 39. Qg7+ Ke8 40. Rxe6+
1-0

[Event "Kandidatklassen 2006"]
[Site "Aalborg"]
[Date "2006.04.17"]
[Round "7"]
[White "Rossen, Claus"]
[Black "Brondum, Eric"]
[Result "1/2-1/2"]
[WhiteElo "2177"]
[BlackElo "2155"]
[PlyCount "40"]
[EventDate "2006.??.??"]
[SourceDate "2014.05.18"]

1. e4 c5 2. Nf3 d6 3. d4 cxd4 4. Nxd4 Nf6 5. Nc3 a6 6. f3 e5 7. Nb3 Be6 8. Be3
Nbd7 9. Qd2 b5 10. O-O-O Nb6 11. g4 Rc8 12. g5 Nh5 13. Nd5 Nxd5 14. exd5 Bf5
15. Bd3 Bxd3 16. Qxd3 Be7 17. Rhg1 O-O 18. Qd2 g6 19. f4 exf4 20. Bxf4 Nxf4
1/2-1/2

[Event "Kandidatklassen 2006"]
[Site "Aalborg"]
[Date "2006.04.17"]
[Round "7"]
[White "Nielsen, Henning"]
[Black "Bonnelykke, Ole"]
[Result "1-0"]
[WhiteElo "2156"]
[BlackElo "2041"]
[PlyCount "41"]
[EventDate "2006.??.??"]
[SourceDate "2014.05.18"]

1. e4 c5 2. Nf3 Nc6 3. d4 f5 4. Bd3 fxe4 5. Bxe4 Nf6 6. Nc3 cxd4 7. Nxd4 d5 8.
Bf3 e5 9. Nb3 e4 10. Bh5+ g6 11. Be2 Be6 12. Nb5 Qd7 13. Bg5 Kf7 14. Qd2 Bd6
15. Nxd6+ Qxd6 16. f3 Bf5 17. O-O e3 18. Bxe3 Rhe8 19. Bd3 Qb4 20. Bxf5 gxf5
21. c3 1-0

[Event "Kandidatklassen 2006"]
[Site "Aalborg"]
[Date "2006.04.17"]
[Round "7"]
[White "Rendboe, John Filip"]
[Black "Hoiberg, Nina"]
[Result "1/2-1/2"]
[WhiteElo "2179"]
[BlackElo "2266"]
[PlyCount "29"]
[EventDate "2006.??.??"]
[SourceDate "2014.05.18"]

1. d4 Nf6 2. c4 d6 3. Nc3 c6 4. Nf3 Nbd7 5. Bg5 Qc7 6. e3 g6 7. Be2 Bg7 8. O-O
O-O 9. Qc2 a5 10. Rac1 b6 11. d5 c5 12. e4 h6 13. Bf4 Ne5 14. Ne1 Ba6 15. b3
1/2-1/2

[Event "Kandidatklassen 2006"]
[Site "Aalborg"]
[Date "2006.04.17"]
[Round "7"]
[White "Nielsen, Jorgen Gustav"]
[Black "Aabling Thomsen, Jakob"]
[Result "1/2-1/2"]
[WhiteElo "2163"]
[BlackElo "2257"]
[PlyCount "65"]
[EventDate "2006.??.??"]
[SourceDate "2014.05.18"]

1. d4 g6 2. e4 Bg7 3. Nc3 d6 4. Be3 a6 5. a4 b6 6. f4 c5 7. Nf3 cxd4 8. Bxd4
Nf6 9. Nd5 Nbd7 10. Nxf6+ Nxf6 11. e5 dxe5 12. Bxe5 O-O 13. Bc4 Bf5 14. Nd4 Qc8
15. Nxf5 Qxc4 16. Nxg7 Kxg7 17. Qe2 Qc5 18. Qf2 Qc6 19. O-O Kg8 20. Bd4 Rfd8
21. c3 Rd6 22. f5 Rad8 23. Rae1 R8d7 24. Qh4 Rxd4 25. cxd4 Qxa4 26. Rxe7 Rxe7
27. Qxf6 Qb4 28. fxg6 hxg6 29. d5 Qc5+ 30. Kh1 Rd7 31. Re1 Kh7 32. Rd1 Qd6 33.
Qd4 1/2-1/2

[Event "Kandidatklassen 2006"]
[Site "Aalborg"]
[Date "2006.04.17"]
[Round "7"]
[White "Damm, Kasper Wilken"]
[Black "Wiecker, Stefan"]
[Result "1-0"]
[WhiteElo "2268"]
[BlackElo "2009"]
[PlyCount "112"]
[EventDate "2006.??.??"]
[SourceDate "2014.05.18"]

1. f4 d5 2. Nf3 Nf6 3. b3 g6 4. Bb2 Bg7 5. e3 O-O 6. Be2 c5 7. O-O Nc6 8. Bb5
Qb6 9. Bxc6 Qxc6 10. d3 b6 11. Nbd2 Bb7 12. Ne5 Qc7 13. Ndf3 Ng4 14. Qe1 Nh6
15. h3 f6 16. Ng4 Nf5 17. e4 dxe4 18. dxe4 Nd6 19. e5 Nf5 20. c4 Rad8 21. Rf2
Nd4 22. Nxd4 cxd4 23. Rd1 h5 24. exf6 exf6 25. Nh2 Rfe8 26. Qf1 f5 27. Nf3 Re4
28. Ng5 Re3 29. Rfd2 Qc5 30. Qf2 d3 31. b4 Qe7 32. Bxg7 Kxg7 33. Nf3 Bxf3 34.
gxf3 Re2 35. Rxe2 dxe2 36. Re1 Rd1 37. Kg2 Rxe1 38. Qxe1 Qe3 39. c5 bxc5 40.
bxc5 h4 41. c6 Qxf4 42. Qxe2 Kh6 43. a4 Qc1 44. Qe8 Qc2+ 45. Kf1 Kg5 46. Qe5
Qc1+ 47. Kf2 Qd2+ 48. Qe2 Qd6 49. Qe3+ Kf6 50. Qc3+ Ke6 51. c7 Qg3+ 52. Ke2
Qg2+ 53. Kd1 Qf1+ 54. Kc2 Qe2+ 55. Kc1 Qf1+ 56. Kb2 Qxh3 1-0

[Event "Kandidatklassen 2006"]
[Site "Aalborg"]
[Date "2006.04.17"]
[Round "7"]
[White "Willumsen, Niels Henrik"]
[Black "Flindt, Thomas"]
[Result "1-0"]
[WhiteElo "2202"]
[BlackElo "2130"]
[PlyCount "67"]
[EventDate "2006.??.??"]
[SourceDate "2014.05.18"]

1. e4 Nc6 2. Nf3 e5 3. Bb5 a6 4. Ba4 Bc5 5. O-O Nge7 6. Nxe5 Nxe5 7. d4 Ba7 8.
dxe5 Ng6 9. Nc3 O-O 10. Qh5 c5 11. Bb3 Re8 12. Bd5 Rxe5 13. Qf3 Qe7 14. Qg3 d6
15. f4 Rxd5 16. exd5 c4+ 17. Kh1 Bf5 18. Re1 Qf6 19. Be3 Bxe3 20. Rxe3 Bxc2 21.
Rae1 h5 22. Qf2 Bd3 23. Ne4 Qxf4 24. Rf3 Qe5 25. Nf6+ gxf6 26. Rxe5 Nxe5 27.
Rg3+ Bg6 28. Qxf6 Ng4 29. Qe7 b5 30. h3 Nf2+ 31. Kg1 Nd3 32. Qxd6 Kh7 33. Rxg6
fxg6 34. Qe7+ 1-0

[Event "Kandidatklassen 2006"]
[Site "Aalborg"]
[Date "2006.04.17"]
[Round "7"]
[White "Palm, Nikolaj"]
[Black "Christensen, Bo Garner"]
[Result "1-0"]
[WhiteElo "2245"]
[BlackElo "2224"]
[PlyCount "125"]
[EventDate "2006.??.??"]
[SourceDate "2014.05.18"]

1. d4 b5 2. e4 Bb7 3. Bxb5 Bxe4 4. Nf3 Nf6 5. O-O e6 6. Bg5 Be7 7. Nbd2 Bb7 8.
c3 O-O 9. Re1 Nc6 10. Nf1 Rb8 11. Bd3 Nd5 12. Bd2 f5 13. c4 Nf6 14. a3 Qe8 15.
Ng3 Ng4 16. h3 Nh6 17. d5 Nd8 18. Qc1 Ndf7 19. Bc3 Qd8 20. Qe3 f4 21. Qe4 g6
22. Nh5 e5 23. Bxe5 Nxe5 24. Nxe5 Rf5 25. Nxf4 Bd6 26. Qd4 Rf8 27. g3 Qf6 28.
c5 Bxe5 29. Qxe5 Qxe5 30. Rxe5 Nf7 31. Re7 Rfe8 32. Rae1 Rxe7 33. Rxe7 g5 34.
Nh5 Rd8 35. Nf6+ Kg7 36. Nxd7 Bxd5 37. Bf5 h6 38. f4 c6 39. Kf2 Kh8 40. Nf6 Kg7
41. Nd7 a5 42. Bg4 gxf4 43. gxf4 Kg6 44. f5+ Kg5 45. Kg3 h5 46. h4+ Kh6 47. Bf3
Bxf3 48. Rxf7 Bd5 49. Rf6+ Kh7 50. Ne5 Rb8 51. Nxc6 Rxb2 52. Ne7 Ba2 53. c6 Rc2
54. Kf4 Kg7 55. Rd6 Kf7 56. Rd7 Ke8 57. Ra7 Kd8 58. f6 Rc5 59. Ke4 a4 60. Kd4
Rc1 61. c7+ Rxc7 62. Rxc7 Kxc7 63. Nd5+ 1-0

[Event "Kandidatklassen 2006"]
[Site "Aalborg"]
[Date "2006.04.17"]
[Round "7"]
[White "Mikkelsen, Nikolaj"]
[Black "Nielsen, Erling Moller"]
[Result "1-0"]
[WhiteElo "2242"]
[BlackElo "2112"]
[PlyCount "49"]
[EventDate "2006.??.??"]
[SourceDate "2014.05.18"]

1. e4 e6 2. d3 d5 3. Nd2 c5 4. Ngf3 Nc6 5. g3 dxe4 6. dxe4 e5 7. Bb5 Qf6 8.
Bxc6+ bxc6 9. Nc4 Bg4 10. Ncxe5 Rd8 11. Qe2 Bxf3 12. Nxf3 Be7 13. O-O h6 14.
Bf4 Qe6 15. Be5 Bf6 16. Bxf6 Nxf6 17. Rfe1 O-O 18. Qe3 Rfe8 19. e5 Qh3 20. Qxc5
Ng4 21. Qc4 Rd5 22. Qxc6 Rdxe5 23. Rxe5 Rxe5 24. Qc4 Nxh2 25. Nxe5 1-0

[Event "Kandidatklassen 2006"]
[Site "Aalborg"]
[Date "2006.04.17"]
[Round "7"]
[White "Jakobsen, Peter"]
[Black "Hjorth, Torben"]
[Result "1-0"]
[WhiteElo "2210"]
[BlackElo "2161"]
[PlyCount "89"]
[EventDate "2006.??.??"]
[SourceDate "2014.05.18"]

1. c4 e5 2. g3 Nc6 3. Bg2 g6 4. Nc3 Bg7 5. e4 d6 6. Nge2 Be6 7. d3 Qd7 8. Nd5
Nd8 9. h3 c6 10. Ne3 f5 11. exf5 gxf5 12. d4 Nf6 13. b3 O-O 14. Bb2 e4 15. Qc2
Nf7 16. g4 d5 17. Nf4 fxg4 18. hxg4 Ng5 19. Nxe6 Qxe6 20. O-O-O Nxg4 21. Rdf1
Nxe3 22. fxe3 Rxf1+ 23. Bxf1 Rf8 24. Kb1 Qg4 25. Bc1 Qg3 26. cxd5 cxd5 27. Qc5
Rd8 28. Qe7 Nf7 29. Bh3 Qd6 30. Qxb7 Ng5 31. Qxa7 Nxh3 32. Rxh3 Rc8 33. Qa3 Qf6
34. Rh1 Qf3 35. Qa6 Qg4 36. Rg1 Qd7 37. Ba3 Kh8 38. Rc1 Rxc1+ 39. Bxc1 h5 40.
Qg6 Qh3 41. Qf7 Qg4 42. a4 h4 43. a5 Qf3 44. Qxd5 h3 45. a6 1-0

[Event "Kandidatklassen 2006"]
[Site "Aalborg"]
[Date "2006.04.17"]
[Round "7"]
[White "Thorsbro, Peter"]
[Black "Dyrgaard, Kristoffer"]
[Result "0-1"]
[WhiteElo "2205"]
[BlackElo "2069"]
[PlyCount "80"]
[EventDate "2006.??.??"]
[SourceDate "2014.05.18"]

1. d4 Nf6 2. c4 g6 3. Nc3 Bg7 4. e4 d6 5. Be2 O-O 6. Nf3 e5 7. Be3 Na6 8. d5
Ng4 9. Bg5 Qe8 10. Nd2 f6 11. Bh4 Nh6 12. f3 f5 13. Rc1 Nf7 14. a3 g5 15. Bf2
f4 16. b4 Nh8 17. c5 Qh5 18. cxd6 cxd6 19. Nc4 Rf6 20. Nb5 Bf8 21. Nxa7 Bd7 22.
Nb6 Rd8 23. Nxd7 Rxd7 24. Qa4 Rg7 25. Rc8 Ng6 26. Qe8 Qh6 27. Bxa6 bxa6 28. Nc6
g4 29. Nd8 Re7 30. Qc6 Nh4 31. Rg1 g3 32. hxg3 fxg3 33. Bb6 Rxf3 34. gxf3 Nxf3+
35. Kf1 Nxg1 36. Bxg1 Qd2 37. Bb6 g2+ 38. Kg1 Qe1+ 39. Kh2 Qh1+ 40. Kg3 Rg7+
0-1

[Event "Kandidatklassen 2006"]
[Site "Aalborg"]
[Date "2006.04.17"]
[Round "7"]
[White "Nikontovic, Semir"]
[Black "Olsen, Peter Erik"]
[Result "1/2-1/2"]
[WhiteElo "2316"]
[BlackElo "2212"]
[PlyCount "58"]
[EventDate "2006.??.??"]
[SourceDate "2014.05.18"]

1. e4 c6 2. d4 d5 3. Nd2 dxe4 4. Nxe4 Nf6 5. Nxf6+ exf6 6. c3 Bd6 7. Bd3 O-O 8.
Ne2 Re8 9. O-O Qc7 10. Ng3 Nd7 11. Nf5 Nf8 12. Nxd6 Qxd6 13. Qf3 Be6 14. Be3
Ng6 15. Rfe1 a6 16. c4 Rad8 17. b3 Qd7 18. h3 Ne7 19. Rad1 Bf5 20. Bxf5 Nxf5
21. d5 Nxe3 22. Rxe3 Rxe3 23. Qxe3 cxd5 24. Rxd5 Qc8 25. Qc5 Qb8 26. Qa7 g6 27.
Rxd8+ Qxd8 28. Qxb7 Qd2 29. Qxa6 Qc1+ 1/2-1/2

[Event "Kandidatklassen 2006"]
[Site "Aalborg"]
[Date "2006.04.17"]
[Round "7"]
[White "Nielsen, Steffen Slumstrup"]
[Black "Christensen, Tobias"]
[Result "0-1"]
[WhiteElo "2255"]
[BlackElo "2312"]
[PlyCount "79"]
[EventDate "2006.??.??"]
[SourceDate "2014.05.18"]

1. e4 c5 2. Nf3 e6 3. d3 d5 4. Nbd2 Nf6 5. g3 g6 6. Bg2 Bg7 7. O-O O-O 8. Re1
Nc6 9. Qe2 a5 10. Nf1 a4 11. e5 Nd7 12. Bf4 a3 13. b3 f6 14. exf6 Qxf6 15. c4
h6 16. Ne3 Qe7 17. cxd5 exd5 18. Nh4 Kh7 19. Nxg6 Kxg6 20. Qg4+ Kh7 21. Nxd5
Qf7 22. Be4+ Kg8 23. Bxh6 Nde5 24. Qxg7+ Qxg7 25. Bxg7 Kxg7 26. f4 Nf7 27. Nc7
Ra7 28. Bxc6 bxc6 29. Ne6+ Bxe6 30. Rxe6 Rd8 31. Rxc6 Rxd3 32. Rxc5 Rd2 33. b4
Re7 34. Rc3 Nd6 35. Rxa3 Nc4 36. Rc3 Nb2 37. b5 Ree2 38. b6 Nd1 39. Rf3 Rg2+
40. Kf1 0-1

[Event "Kandidatklassen 2006"]
[Site "Aalborg"]
[Date "2006.04.17"]
[Round "7"]
[White "Brautsch, Soren"]
[Black "Christensen, Stefan"]
[Result "1-0"]
[WhiteElo "2275"]
[BlackElo "2288"]
[PlyCount "74"]
[EventDate "2006.??.??"]
[SourceDate "2014.05.18"]

1. Nf3 Nf6 2. e3 e6 3. d4 b6 4. Bd3 Bb7 5. Nbd2 d5 6. Ne5 Bd6 7. f4 Ne4 8. Qf3
Nxd2 9. Bxd2 O-O 10. O-O Nd7 11. Nxd7 Qxd7 12. Qh5 g6 13. Qh6 f6 14. Rf2 e5 15.
Raf1 e4 16. Be2 Rf7 17. g4 Qa4 18. f5 g5 19. h4 Bf8 20. Qh5 Rg7 21. Rh2 gxh4
22. Qxh4 Be7 23. g5 Qc6 24. g6 Qe8 25. Kh1 Qf8 26. Rg1 Kh8 27. Be1 Bd6 28. Bg3
Qe7 29. Bxd6 cxd6 30. Rg3 Rd8 31. Rgh3 Rd7 32. Qf4 Qf8 33. Rh6 Bc8 34. R2h5 Qg8
35. Qh4 Rdf7 36. Bg4 Rc7 37. Qxf6 Qd8 1-0